[Event "GER-ch U10"]
[Site "Willingen"]
[Date "2009.06.03"]
[Round "6"]
[White "Schirmer, Christoph"]
[Black "Balzer, Alexander"]
[Result "0-1"]
[WhiteElo "1092"]
[BlackElo "1229"]
[PlyCount "116"]
[EventDate "2009.05.30"]
[EventType "swiss"]
[EventRounds "11"]
[EventCountry "GER"]
[SourceTitle "EXT 2010"]
[Source "ChessBase"]
[SourceDate "2010.11.25"]
[SourceVersion "1"]
[SourceVersionDate "2010.11.25"]
[SourceQuality "1"]

1. e4 c5 2. Nc3 Nc6 3. d3 e5 4. g3 d6 5. Bg2 Be6 6. Nf3 Nge7 7. 0-0 g6 8. Be3 Bg7 9. Qd2 0-0 10. Bh6 Nd4 11. Nxd4 cxd4 12. Ne2 Bxh6 13. Qxh6 f5 14. h3 d5 15. exf5 Nxf5 16. Qd2 Qf6 17. g4 Nh4 18. f4 Nxg2 19. Kxg2 e4 20. dxe4 dxe4 21. Qxd4 Qxd4 22. Nxd4 Bd5 23. Kg3 a6 24. f5 Rae8 25. Rae1 Bxa2 26. b3 Rc8 27. Ra1 Bxb3 28. cxb3 gxf5 29. Nxf5 Rc3+ 30. Kf4 Rxb3 31. Kxe4 Rxh3 32. Ne7+ Kg7 33. Rxf8 Kxf8 34. Nf5 Rb3 35. Nd4 Rb4 36. Rf1+ Kg7 37. Rf3 Rc4 38. Kd5 Ra4 39. Ne6+ Kg6 40. g5 Ra5+ 41. Kd6 Rf5 42. Rh3 b5 43. Rh6+ Kf7 44. Rxh7+ Kg8 45. g6 Rf6 46. Ke7 Rxg6 47. Rf7 b4 48. Rf8+ Kh7 49. Rf4 Rg2 50. Kf7 Rh2 51. Nf8+ Kh6 52. Kg8 b3 53. Rg4 b2 54. Rg1 Rg2+ 55. Rxg2 b1Q 56. Rh2+ Kg5 57. Nh7+ Kf4 58. Nf6 Qg1+ 0-1

[Event "GER-ch U10"]
[Site "Willingen"]
[Date "2009.06.01"]
[Round "3"]
[White "Balzer, Alexander"]
[Black "Wallat, Jessica"]
[Result "1-0"]
[WhiteElo "1229"]
[BlackElo "1045"]
[PlyCount "125"]
[EventDate "2009.05.30"]
[EventType "swiss"]
[EventRounds "11"]
[EventCountry "GER"]
[SourceTitle "EXT 2010"]
[Source "ChessBase"]
[SourceDate "2010.11.25"]
[SourceVersion "1"]
[SourceVersionDate "2010.11.25"]
[SourceQuality "1"]

1. d4 f5 2. c4 Nf6 3. Nc3 e6 4. Bg5 d5 5. Nf3 dxc4 6. e4 Be7 7. exf5 exf5 8. Bxc4 h6 9. Be3 Qd6 10. 0-0 Be6 11. Bxe6 Qxe6 12. Nb5 Qb6 13. Qa4 0-0 14. Qc4+ Kh8 15. Nxc7 Rc8 16. Nxa8 Rxc4 17. Nxb6 axb6 18. Ne5 Rc2 19. Ng6+ Kh7 20. Nxe7 Rxb2 21. d5 Nbd7 22. Bd4 Re2 23. Bxf6 gxf6 24. Nxf5 Re5 25. Nd6 Rxd5 26. Nxb7 Ne5 27. Rad1 Rb5 28. Rd6 Kg6 29. Re1 h5 30. h3 h4 31. a4 Rb4 32. Rxe5 Kg7 33. Re7+ Kg6 34. Ree6 Rf4 35. Rxb6 Rxa4 36. Rxf6+ Kg7 37. Rg6+ Kf7 38. Rh6 Ra8 39. Rh7+ Kg8 40. Rd7 Rf8 41. Rd8 Rxd8 42. Nxd8 Kg7 43. g3 hxg3 44. fxg3 Kh7 45. g4 Kh8 46. g5 Kh7 47. g6+ Kh8 48. h4 Kg8 49. Rb7 Kh8 50. h5 Kg8 51. h6 Kf8 52. Rh7 Kg8 53. Nc6 Kf8 54. g7+ Kg8 55. Rh8+ Kf7 56. g8Q+ Kf6 57. Qg7+ Kf5 58. Rf8+ Ke4 59. Qe7+ Kd3 60. Qd6+ Kc2 61. Qc5+ Kb3 62. Rb8+ Ka2 63. Qa5# 1-0

[Event "GER-ch U10"]
[Site "Willingen"]
[Date "2009.06.01"]
[Round "4"]
[White "Ovsepyan, Arshak"]
[Black "Balzer, Alexander"]
[Result "1-0"]
[WhiteElo "1863"]
[BlackElo "1229"]
[PlyCount "101"]
[EventDate "2009.05.30"]
[EventType "swiss"]
[EventRounds "11"]
[EventCountry "GER"]
[SourceTitle "EXT 2010"]
[Source "ChessBase"]
[SourceDate "2010.11.25"]
[SourceVersion "1"]
[SourceVersionDate "2010.11.25"]
[SourceQuality "1"]

1. e4 e5 2. Nf3 Nc6 3. Bc4 Nf6 4. d3 d6 5. c3 Bg4 6. Be3 Be7 7. 0-0 0-0 8. Nbd2 Re8 9. b4 a6 10. Qb3 Bh5 11. Ng5 Rf8 12. a4 h6 13. Ngf3 Bg6 14. h3 a5 15. b5 Na7 16. Qc2 c6 17. Rfb1 d5 18. Ba2 Qd7 19. Nxe5 Qe6 20. Nxg6 fxg6 21. Re1 Qd7 22. Bxa7 Rxa7 23. bxc6 bxc6 24. Rab1 Kh7 25. e5 Nh5 26. d4 Qf5 27. Qxf5 Rxf5 28. Rb6 Bg5 29. Nb3 Raf7 30. e6 Rf8 31. f3 R5f6 32. Rxc6 Re8 33. Nxa5 Nf4 34. Kf1 Bh4 35. Re5 Nd3 36. Rxd5 Rfxe6 37. Rxe6 Rxe6 38. Re5 Nxe5 39. Bxe6 Nd3 40. Nc6 Nf4 41. d5 Bf6 42. a5 Nxe6 43. dxe6 Kg8 44. a6 Bxc3 45. a7 Bf6 46. a8Q+ Kh7 47. e7 Bxe7 48. Nxe7 h5 49. h4 g5 50. Qg8+ Kh6 51. Qh8# 1-0

[Event "GER-ch Net qual3 U14"]
[Site "Playchess.com INT"]
[Date "2009.05.17"]
[Round "3"]
[White "Balzer, Alexander"]
[Black "Pfleger, Juergen"]
[Result "1/2-1/2"]
[WhiteElo "1210"]
[BlackElo "1802"]
[PlyCount "170"]
[EventDate "2009.05.17"]
[EventType "swiss (blitz)"]
[EventRounds "7"]
[EventCountry "GER"]
[SourceTitle "CBM 130 Extra"]
[Source "ChessBase"]
[SourceDate "2009.07.02"]
[SourceVersion "2"]
[SourceVersionDate "2009.07.15"]
[SourceQuality "1"]

1. d4 d5 2. c4 Nc6 3. e3 e5 4. Nf3 Bg4 5. Be2 dxc4 6. 0-0 Be7 7. dxe5 Qxd1 8. Rxd1 Bxf3 9. Bxf3 Nxe5 10. Bxb7 Rb8 11. Ba6 Nf6 12. Nc3 Nd3 13. Bxc4 Nxc1 14. Raxc1 Rxb2 15. Bb5+ Kf8 16. Ba4 g6 17. Rb1 Rxb1 18. Rxb1 Kg7 19. f3 Bc5 20. Kf2 Rd8 21. Rd1 Rxd1 22. Bxd1 Ne8 23. Ba4 Nd6 24. Nd5 Nc4 25. Bb3 Ne5 26. Nxc7 Kf8 27. Ke2 Bd6 28. Nb5 Bb8 29. f4 Ng4 30. h3 Nf6 31. Kd3 h5 32. Kd4 Ke7 33. e4 h4 34. e5 Nh5 35. Ke4 Ng3+ 36. Kf3 Nf5 37. Bc2 Nh6 38. Nd4 Kd7 39. Ba4+ Kc7 40. Nb5+ Kb6 41. Nd4 Bc7 42. g3 hxg3 43. Kxg3 Kc5 44. Nb3+ Kc4 45. Nd2+ Kd3 46. Nf3 Ke3 47. Ng5 Ba5 48. Kg2 Kxf4 49. Nf3 Bc3 50. Bb3 Bxe5 51. Nxe5 Kxe5 52. Kg3 f6 53. Bc2 g5 54. Bd3 f5 55. Ba6 f4+ 56. Kf3 Kf5 57. Bc8+ Kf6 58. a4 a5 59. Bb7 Nf7 60. Be4 Ne5+ 61. Ke2 g4 62. hxg4 Kg5 63. Bf3 Nxg4 64. Bc6 Ne5 65. Be4 Kg4 66. Ba8 Kg3 67. Bd5 f3+ 68. Bxf3 Nxf3 69. Kd3 Ne5+ 70. Kd4 Kf4 71. Kc5 Ke4 72. Kb5 Kd5 73. Kxa5 Kc5 74. Ka6 Kc6 75. a5 Nd7 76. Ka7 Kc7 77. Ka6 Kc6 78. Ka7 Nc5 79. Kb8 Kd7 80. Ka7 Kc7 81. Ka8 Na6 82. Ka7 Nb4 83. a6 Nc6+ 84. Ka8 Kc8 85. a7 Nxa7 1/2-1/2

[Event "GER-ch Net qual3 U14"]
[Site "Playchess.com INT"]
[Date "2009.05.17"]
[Round "5"]
[White "Gross, Dennis"]
[Black "Balzer, Alexander"]
[Result "0-1"]
[WhiteElo "1541"]
[BlackElo "1210"]
[PlyCount "118"]
[EventDate "2009.05.17"]
[EventType "swiss (blitz)"]
[EventRounds "7"]
[EventCountry "GER"]
[SourceTitle "CBM 130 Extra"]
[Source "ChessBase"]
[SourceDate "2009.07.02"]
[SourceVersion "2"]
[SourceVersionDate "2009.07.15"]
[SourceQuality "1"]

1. d4 d5 2. e3 Nc6 3. c4 e6 4. cxd5 exd5 5. Nc3 Bb4 6. Bd2 Nf6 7. a3 Ba5 8. b4 Bb6 9. Bb5 Bd7 10. Nge2 a5 11. Bxc6 Bxc6 12. b5 Bd7 13. a4 c6 14. 0-0 cxb5 15. axb5 0-0 16. Nf4 Ne4 17. Ncxd5 Bxb5 18. Re1 Nxd2 19. Qxd2 a4 20. Reb1 Ra6 21. Rxb5 Ba5 22. Qb2 Rc6 23. Rxb7 Qc8 24. Rb5 Bc3 25. Nxc3 Rxc3 26. Rc5 Rxc5 27. dxc5 Qd8 28. Qc2 Qf6 29. Rxa4 Rd8 30. c6 Qb2 31. Qc4 Rd1+ 32. Qf1 Rxf1+ 33. Kxf1 Qc1+ 34. Ke2 Qc2+ 35. Kf3 Qxa4 36. c7 Qc6+ 37. e4 Qxc7 38. g4 g5 39. Nd5 Qd6 40. Ke3 Qxh2 41. Nf6+ Kg7 42. Nh5+ Kh6 43. Ng3 Qh3 44. Ke2 Qxg4+ 45. Kd3 Kg6 46. Ke3 Qf4+ 47. Ke2 h5 48. Nf1 Qxe4+ 49. Kd1 Qh1 50. Ke2 h4 51. Ne3 h3 52. Ng4 Qe4+ 53. Ne3 h2 54. Kd2 Qxe3+ 55. Kxe3 h1Q 56. Ke2 Qh2 57. Kf3 g4+ 58. Ke2 g3 59. Kf1 Qxf2# 0-1

[Event "GER-ch Net qual2 U14"]
[Site "Playchess.com INT"]
[Date "2009.05.13"]
[Round "4"]
[White "Balzer, Alexander"]
[Black "Engesser, Jonas"]
[Result "1-0"]
[WhiteElo "1210"]
[BlackElo "1408"]
[PlyCount "93"]
[EventDate "2009.05.13"]
[EventType "swiss (blitz)"]
[EventRounds "7"]
[EventCountry "GER"]
[SourceTitle "CBM 130 Extra"]
[Source "ChessBase"]
[SourceDate "2009.07.02"]
[SourceVersion "2"]
[SourceVersionDate "2009.07.15"]
[SourceQuality "1"]

1. e4 e5 2. Nf3 Nc6 3. Bb5 a6 4. Ba4 Nf6 5. Nc3 Be7 6. d3 b5 7. Bb3 d6 8. Ng5 0-0 9. 0-0 h6 10. Nf3 Bg4 11. h3 Bh5 12. Be3 Re8 13. Re1 b4 14. Nb1 d5 15. exd5 Nxd5 16. Bxd5 Qxd5 17. Nbd2 f5 18. Nb3 e4 19. dxe4 Qxd1 20. Raxd1 fxe4 21. g4 exf3 22. gxh5 Bd6 23. Bd2 Rxe1+ 24. Rxe1 Rf8 25. c3 Rf5 26. cxb4 Rxh5 27. Re8+ Kf7 28. Re3 Rg5+ 29. Kf1 Ne5 30. Rc3 Rh5 31. Bf4 Rxh3 32. Ke1 Rh1+ 33. Kd2 Bxb4 34. Bxe5 Bxc3+ 35. Bxc3 Rh2 36. Ke3 Rh3 37. Nc5 g5 38. Nxa6 c5 39. Nxc5 g4 40. Be5 h5 41. a4 Rh1 42. a5 Ra1 43. a6 Ke7 44. b4 Kd8 45. b5 Ra3+ 46. Kf4 Ra5 47. Nb7+ 1-0

[Event "GER-ch Net qual2 U14"]
[Site "Playchess.com INT"]
[Date "2009.05.13"]
[Round "7"]
[White "Balzer, Alexander"]
[Black "Funk, Moritz"]
[Result "0-1"]
[WhiteElo "1210"]
[BlackElo "1465"]
[PlyCount "46"]
[EventDate "2009.05.13"]
[EventType "swiss (blitz)"]
[EventRounds "7"]
[EventCountry "GER"]
[SourceTitle "CBM 130 Extra"]
[Source "ChessBase"]
[SourceDate "2009.07.02"]
[SourceVersion "2"]
[SourceVersionDate "2009.07.15"]
[SourceQuality "1"]

1. d4 Nf6 2. c4 g6 3. Nc3 Bg7 4. Nf3 0-0 5. e3 d6 6. Be2 Nc6 7. b3 e5 8. d5 Ne7 9. Bb2 Ne8 10. 0-0 f5 11. e4 Nf6 12. exf5 gxf5 13. Re1 Ng6 14. Ng5 Ng4 15. Bxg4 fxg4 16. Ne6 Bxe6 17. dxe6 Qf6 18. Ne4 Qxe6 19. Ng5 Qf5 20. Qd2 Bh6 21. Bc1 Bxg5 22. Qxg5 Qxf2+ 23. Kh1 Qxe1# 0-1

[Event "GER-ch Net qual1 U14"]
[Site "Playchess.com INT"]
[Date "2009.05.10"]
[Round "1"]
[White "Balzer, Alexander"]
[Black "Stanau, Guido"]
[Result "0-1"]
[WhiteElo "1210"]
[BlackElo "1671"]
[PlyCount "64"]
[EventDate "2009.05.10"]
[EventType "swiss (blitz)"]
[EventRounds "7"]
[EventCountry "GER"]
[SourceTitle "CBM 130 Extra"]
[Source "ChessBase"]
[SourceDate "2009.07.02"]
[SourceVersion "2"]
[SourceVersionDate "2009.07.15"]
[SourceQuality "1"]

1. d4 Nf6 2. c4 e5 3. dxe5 Ng4 4. Nf3 Nc6 5. Bf4 Bb4+ 6. Nbd2 Qe7 7. e3 Ngxe5 8. Nxe5 Nxe5 9. Be2 d6 10. 0-0 0-0 11. a3 Bxd2 12. Qxd2 b6 13. Qd5 Be6 14. Qe4 f5 15. Qc2 Ng6 16. Bf3 Rad8 17. Bg3 Ne5 18. Bxe5 dxe5 19. Rad1 Rde8 20. Bc6 Rb8 21. Rfe1 Rf6 22. Bd5 Bxd5 23. cxd5 e4 24. Qb3 Kh8 25. Rd2 Rd8 26. Red1 Rh6 27. g3 Qe8 28. Qc3 Qf7 29. Kg2 Rd7 30. Qd4 Qh5 31. h3 Qxh3+ 32. Kg1 Qh1# 0-1